00627 a2200181 4500010001400000020002300014035001300037082000800050090001500058100001700073245007300090260004300163300002900206500004000235942002300275999001500298952013200313 aENG-85236 a8170544991c400.00 aEN-6876914a809 c1848d18481 aKanchan Mala1 aThe cult of deathcby Kanchan Malaba critical study of H. Hemingway aNew DelhibClassical Publishingc2006. avi, 170 p.c22 cm. (Hb) aIncludes bibliographical references adplcENk809 / KAN c1816d1816 00102ddc40718NFICaDBADbDBADeDBAD/PUBg400.00l0o809 KANpEN-68769r2008-09-15 00:00:00t1u1925v400.00w2008-09-15yEN